000 00460nam a2200205Ia 4500
001 14453
003 GE_BSU
008 181216s||||||||xx |||||||||||||| ||und||
020 _a9781444006360
040 _cGE_BSU
080 _a821.111-3
100 _aJohn, Lauren St.
245 4 _aThe one Dollar Horse
260 _aLondon
260 _bOrion Children's books
260 _c2012
300 _a326p.20cm.
653 _aThe one Dollar Horse
942 _cBK
999 _c47586
_d47586